Detalles MARC
| 000 -LIDER |
| fixed length control field |
00983nam a2200301 a 4500 |
| 001 - NÚMERO DE CONTROL |
| Identificador de número de control |
|
| 003 - IDENTIFICACDOR DE NÚMERO DE CONTROL |
| control field |
DO-SdBNP |
| 005 - DATE AND TIME OF LATEST TRANSACTION |
| control field |
20241010124924.0 |
| 007 - CAMPOS FIJOS DE DESCRIPCIÓN FÍSICA |
| fixed length control field |
|
| 008 - ELEMENTOS DE LONGITUD FIJA |
| fixed length control field |
090819s1999 ny a 000 0 spa d |
| 020 ## - ISBN |
| International Standard Book Number |
9789702218364 |
| 040 ## - FUENTE DE CATALOGACIÓN |
| Agencia que crea de manera original el registro |
BPMSU |
| Idioma de catalogación |
spa |
| Agencia que realiza la transcripción |
BPMSU |
| 082 #4 - NÚMERO DE CLASIFICACIÓN DECIMAL DE DEWEY |
| Classification number |
813.5 |
| Item number |
M47e 1999 |
| Edition number |
22 |
| 100 1# - ASIENTO PRINCIPAL -- NOMBRE PERSONAL |
| Nombre personal |
McPhail, David. |
| 245 13 - MENCIÓN DE TITULO |
| Título |
El día que el perro dijo, !Quiquiriquí! / |
| Mención de responsabilidad |
David McPhail ; traducido por Susana Pasternac. |
| Subtítulo |
|
| 260 ## - PUBLICACIÓN, DISTRIBUCIÓN, ETC. (PIE DE IMPRENTA) |
| Lugar de publicación, distribución, etc |
New York : |
| Nombre del editor, distribuidor, etc. |
Scholastic, |
| Fecha de publicación, distribución, etc |
1999 |
| 300 ## - DESCRIPCIÓN FÍSICA |
| Extensión |
Varias paginaciones . : |
| Otros detalles físicos |
ilustraciones ; |
| Dimensiones |
27 cm. |
| 534 ## - NOTA SOBRE LA VERSIÓN ORIGINAL |
| Asiento principal del original |
Texto en español e inglés |
| 590 ## - NOTA LOCAL |
| Enlace |
Inventariado, 2024/VM |
| 650 #4 - ENCABEZAMIENTO DE MATERIA--TEMÁTICO |
| Término temático o nombre geográfico como elemento de entrada |
Cuentos infantiles estadounidenses. |
| 650 #4 - ENCABEZAMIENTO DE MATERIA--TEMÁTICO |
| Término temático o nombre geográfico como elemento de entrada |
Literatura infantil estadounidenses |
| Subdivisión de forma |
|
| 650 #4 - ENCABEZAMIENTO DE MATERIA--TEMÁTICO |
| Término temático o nombre geográfico como elemento de entrada |
Libros ilustrados para niños |
| 700 1# - ASIENTO SECUNDARIO -- NOMBRE PERSONAL |
| Nombre personal |
Pasternac, Susana |
| Mención de responsabilidad |
traducción |
| Término de relación |
|
| 700 1# - ASIENTO SECUNDARIO -- NOMBRE PERSONAL |
| Nombre personal |
Stellino, Beatriz |
| Mención de responsabilidad |
traductor |
| 710 2# - ASIENTO SECUNDARIO -- NOMBRE CORPORATIVO |
| Nombre corporativo o de jurisdicción |
Walt Disney |
| 910 ## - VALIDACIÓN |
| Validación |
VMateo V. Control de calidad. BPMSU |
| 942 ## - ADDED ENTRY ELEMENTS (KOHA) |
| Source of classification or shelving scheme |
Dewey Decimal Classification |
| Koha item type |
Libros |